Loading...
| Current Events | 1 | 10.00 | 0% | 100% | 0% |
| Fine Arts - Auditory Fine Arts | 2 | 10.00 | 100% | 0% | 0% |
| Fine Arts - Other Fine Arts | 4 | 10.00 | 100% | 0% | 0% |
| Fine Arts - Visual Fine Arts | 3 | 10.00 | 100% | 0% | 0% |
| Geography | 2 | 20.00 | 100% | 100% | 0% |
| History - American History | 5 | 10.00 | 80% | 20% | 0% |
| History - European History | 5 | 12.00 | 100% | 20% | 0% |
| History - Other History | 4 | 15.00 | 100% | 50% | 0% |
| History - World History | 4 | 15.00 | 100% | 50% | 0% |
| Literature - American Literature | 5 | 8.00 | 80% | 0% | 0% |
| Literature - British Literature | 3 | 10.00 | 67% | 33% | 0% |
| Literature - European Literature | 4 | 7.50 | 75% | 0% | 0% |
| Literature - World Literature | 4 | 10.00 | 100% | 0% | 0% |
| Mythology | 4 | 12.50 | 100% | 25% | 0% |
| Other Academic | 1 | 10.00 | 100% | 0% | 0% |
| Philosophy | 2 | 10.00 | 100% | 0% | 0% |
| Pop Culture | 1 | 20.00 | 100% | 100% | 0% |
| Religion | 2 | 10.00 | 100% | 0% | 0% |
| Science - Biology | 5 | 14.00 | 100% | 20% | 20% |
| Science - Chemistry | 5 | 18.00 | 100% | 80% | 0% |
| Science - Other Science | 1 | 20.00 | 100% | 100% | 0% |
| Science - Physics | 3 | 16.67 | 100% | 67% | 0% |
| Social Science | 5 | 12.00 | 80% | 20% | 20% |